El sentido común en las relaciones internacionales
Guardat en:
| Autor principal: | |
|---|---|
| Format: | Llibre |
| Idioma: | espanyol |
| Publicat: |
Buenos Aires
La Reja
1959
|
| Col·lecció: | Ensayistas de Nuestro Tiempo
|
| Matèries: | |
| Etiquetes: |
Afegir etiqueta
Sense etiquetes, Sigues el primer a etiquetar aquest registre!
|
MARC
| LEADER | 00000nam a2200000 a 4500 | ||
|---|---|---|---|
| 001 | UCV3177 | ||
| 003 | CL-VaPUC | ||
| 008 | 930422e19590000AG |||||||||||||||||spa|d | ||
| 082 | 0 | 4 | |a 327 |b FOS |2 21 |
| 100 | 0 | |a Fosdick, Dorothy |e author |9 297428 | |
| 245 | 1 | 3 | |a El sentido común en las relaciones internacionales |
| 300 | |a 149 p | ||
| 942 | |c BK | ||
| 945 | |d 19930422 00:00:00 | ||
| 260 | |a Buenos Aires |b La Reja |c 1959 | ||
| 650 | 0 | |a Relaciones Internacionales |9 255740 | |
| 650 | 0 | |a Aspectos psicológicos |9 258128 | |
| 583 | |a last modification |c 19930422 00:00:00 |k Rodrigo Vera | ||
| 490 | 0 | |a Ensayistas de Nuestro Tiempo | |
| 999 | |c 210489 |d 210487 | ||
| 952 | |0 0 |1 0 |4 0 |6 327_000000000000000_FOS_1959 |7 0 |8 A |9 186773 |a BIBDER |b BIBDER |d 2019-11-14 |i 2543869 |o 327 FOS 1959 |p 2543869 |r 2023-01-25 |w 2019-11-14 |y BK |k DER | ||